000 00345nam a2200133Ia 4500
008 240624s9999 xx 000 0 und d
041 _aeng
082 _a332.6 ROG
100 _aROGERS DAVID
245 _a90 SOLUTION HIGHER RETURNS LESS RISK
260 _c2006
_aNew Jersey
_bJohn Wiley and Sons
300 _aix, : 246p. ; 23cm.
365 _c
_b27
999 _c4536
_d4536